MARC

LEADER 00000nam0a2200000 4500
001 106528
005 20231101214657.0
035 |a (RuTPU)RU\TPU\book\114994 
090 |a 106528 
100 |a 20061211d1971 km y0rusy50 ca 
101 0 |a rus 
102 |a RU 
105 |a a z 001zy 
200 1 |a Экстракционное концентрирование  |f Ю. А. Золотов, Н. М. Кузьмин 
210 |a Москва  |c Химия  |d 1971 
215 |a 272 с.  |c ил. 
320 |a Библиография в конце глав. 
606 1 |a Концентрирование в аналитической химии  |2 stltpush  |3 (RuTPU)RU\TPU\subj\15632  |9 41862 
610 1 |a химия 
610 1 |a аналитическая химия 
610 1 |a экстракционное концентрирование 
610 1 |a экстракция 
610 1 |a применение 
610 1 |a микропримеси 
675 |a 543.05  |v 3 
700 1 |a Золотов  |b Ю. А.  |g Юрий Александрович 
701 1 |a Кузьмин  |b Н. М.  |g Николай Михайлович 
801 1 |a RU  |b 63413507  |c 20061211  |g PSBO 
801 2 |a RU  |b 63413507  |c 20210121  |g PSBO 
942 |c BK